| 000 | 00447nam a2200157 4500 | ||
|---|---|---|---|
| 001 | 143264 | ||
| 003 | ES-MaACL | ||
| 005 | 20230906200750.0 | ||
| 007 | t| | ||
| 008 | 070214s1947 xxk r ||||1| eng d | ||
| 100 | 1 |
_aSen, B. _9105426 |
|
| 245 | 1 | 0 |
_aA short sketch of english local government administration / _cB. Sen. |
| 260 |
_aLondon : _bStevens and Sons, _c1947. |
||
| 300 |
_aX, 57 p. ; _c22 cm. |
||
| 852 |
_aES-MaACL _j1581-F-11 _bR.24162 |
||
| 999 |
_c143264 _d143264 |
||